<?xml version="1.0" encoding="UTF-8"?>
<record
    xmlns:xsi="http://www.w3.org/2001/XMLSchema-instance"
    xsi:schemaLocation="http://www.loc.gov/MARC21/slim http://www.loc.gov/standards/marcxml/schema/MARC21slim.xsd"
    xmlns="http://www.loc.gov/MARC21/slim">

  <leader>00753nam a22001577a 4500</leader>
  <controlfield tag="003">OSt</controlfield>
  <controlfield tag="005">20151203163008.0</controlfield>
  <controlfield tag="008">151203b        xxu||||| |||| 00| 0 eng d</controlfield>
  <datafield tag="040" ind1=" " ind2=" ">
    <subfield code="c">RUA </subfield>
  </datafield>
  <datafield tag="082" ind1=" " ind2=" ">
    <subfield code="a">FIS CHH 2008 B179 Or.1</subfield>
  </datafield>
  <datafield tag="100" ind1=" " ind2=" ">
    <subfield code="9">4241</subfield>
    <subfield code="a">CHHOM VICHAR; &#x1786;&#x17BB;&#x17C6; &#x179C;&#x17B7;&#x1785;&#x17B6;&#x179A;</subfield>
  </datafield>
  <datafield tag="245" ind1=" " ind2=" ">
    <subfield code="a">Status of blue swimmer crab (portunus spp.) fishing in changhoan and kep thmey fisheries community, kampot province, &#x179F;&#x17D2;&#x1790;&#x17B6;&#x1793;&#x1797;&#x17B6;&#x1796;&#x1793;&#x17C3;&#x1780;&#x17B6;&#x179A;&#x1793;&#x17C1;&#x179F;&#x17B6;&#x1791;&#x1780;&#x17D2;&#x178A;&#x17B6;&#x1798;&#x179F;&#x17C1;&#x17C7;&#x1793;&#x17C5;&#x1780;&#x17D2;&#x1793;&#x17BB;&#x1784;&#x179F;&#x17A0;&#x1782;&#x1798;&#x1793;&#x17CD;&#x1793;&#x17C1;&#x179F;&#x17B6;&#x1791;&#x1785;&#x1784;&#x17D2;&#x17A0;&#x17C4;&#x1793; &#x1793;&#x17B7;&#x1784;&#x179F;&#x17A0;&#x1782;&#x1798;&#x1793;&#x17CD;&#x1793;&#x17C1;&#x179F;&#x17B6;&#x1791;&#x1780;&#x17C2;&#x1794;&#x1790;&#x17D2;&#x1798;&#x17B8; &#x1781;&#x17C1;&#x178F;&#x17D2;&#x178F;&#x1780;&#x17C6;&#x1796;&#x178F;.</subfield>
  </datafield>
  <datafield tag="260" ind1=" " ind2=" ">
    <subfield code="a">Phnom Penh </subfield>
    <subfield code="b">RUA </subfield>
    <subfield code="c">2008</subfield>
  </datafield>
  <datafield tag="300" ind1=" " ind2=" ">
    <subfield code="a">xi; 46p.</subfield>
    <subfield code="b">ill.</subfield>
    <subfield code="c">29cm.</subfield>
  </datafield>
  <datafield tag="942" ind1=" " ind2=" ">
    <subfield code="2">ddc</subfield>
    <subfield code="c">FIS</subfield>
  </datafield>
  <datafield tag="999" ind1=" " ind2=" ">
    <subfield code="c">3957</subfield>
    <subfield code="d">3957</subfield>
  </datafield>
  <datafield tag="952" ind1=" " ind2=" ">
    <subfield code="0">0</subfield>
    <subfield code="1">0</subfield>
    <subfield code="2">ddc</subfield>
    <subfield code="4">0</subfield>
    <subfield code="6">FIS_CHH_2008_000000000000000_B179_OR_1</subfield>
    <subfield code="7">0</subfield>
    <subfield code="9">20009</subfield>
    <subfield code="a">LBB</subfield>
    <subfield code="b">LBB</subfield>
    <subfield code="c">B179</subfield>
    <subfield code="d">2015-12-03</subfield>
    <subfield code="o">FIS CHH 2008 B179 Or.1</subfield>
    <subfield code="p">RUA043018</subfield>
    <subfield code="r">2015-12-03</subfield>
    <subfield code="w">2015-12-03</subfield>
    <subfield code="y">FIS</subfield>
  </datafield>
  <datafield tag="952" ind1=" " ind2=" ">
    <subfield code="0">0</subfield>
    <subfield code="1">0</subfield>
    <subfield code="2">ddc</subfield>
    <subfield code="4">0</subfield>
    <subfield code="6">FIS_CHH_2008_000000000000000_B179_OR_2</subfield>
    <subfield code="7">0</subfield>
    <subfield code="9">20010</subfield>
    <subfield code="a">LBB</subfield>
    <subfield code="b">LBB</subfield>
    <subfield code="c">B179</subfield>
    <subfield code="d">2015-12-03</subfield>
    <subfield code="l">1</subfield>
    <subfield code="o">FIS CHH 2008 B179 Or.2</subfield>
    <subfield code="p">RUA019626</subfield>
    <subfield code="r">2022-11-25</subfield>
    <subfield code="s">2022-11-02</subfield>
    <subfield code="w">2015-12-03</subfield>
    <subfield code="y">FIS</subfield>
  </datafield>
  <datafield tag="952" ind1=" " ind2=" ">
    <subfield code="0">0</subfield>
    <subfield code="1">0</subfield>
    <subfield code="2">ddc</subfield>
    <subfield code="4">0</subfield>
    <subfield code="6">FIS_CHH_2008_000000000000000_B179_OR_3</subfield>
    <subfield code="7">0</subfield>
    <subfield code="9">20011</subfield>
    <subfield code="a">LBB</subfield>
    <subfield code="b">LBB</subfield>
    <subfield code="c">B179</subfield>
    <subfield code="d">2015-12-03</subfield>
    <subfield code="o">FIS CHH 2008 B179 Or.3</subfield>
    <subfield code="p">RUA019770</subfield>
    <subfield code="r">2015-12-03</subfield>
    <subfield code="w">2015-12-03</subfield>
    <subfield code="y">FIS</subfield>
  </datafield>
  <datafield tag="952" ind1=" " ind2=" ">
    <subfield code="0">0</subfield>
    <subfield code="1">0</subfield>
    <subfield code="2">ddc</subfield>
    <subfield code="4">0</subfield>
    <subfield code="6">FIS_CHH_2008_000000000000000_B179_OR_4</subfield>
    <subfield code="7">0</subfield>
    <subfield code="9">20012</subfield>
    <subfield code="a">LBB</subfield>
    <subfield code="b">LBB</subfield>
    <subfield code="c">B179</subfield>
    <subfield code="d">2015-12-03</subfield>
    <subfield code="l">2</subfield>
    <subfield code="o">FIS CHH 2008 B179 Or.4</subfield>
    <subfield code="p">RUA019996</subfield>
    <subfield code="r">2016-12-19</subfield>
    <subfield code="s">2016-11-22</subfield>
    <subfield code="w">2015-12-03</subfield>
    <subfield code="y">FIS</subfield>
  </datafield>
  <datafield tag="952" ind1=" " ind2=" ">
    <subfield code="0">0</subfield>
    <subfield code="1">0</subfield>
    <subfield code="2">ddc</subfield>
    <subfield code="4">0</subfield>
    <subfield code="6">FIS_CHH_2008_000000000000000_B179_OR_5</subfield>
    <subfield code="7">0</subfield>
    <subfield code="9">20013</subfield>
    <subfield code="a">LBB</subfield>
    <subfield code="b">LBB</subfield>
    <subfield code="c">B179</subfield>
    <subfield code="d">2015-12-03</subfield>
    <subfield code="o">FIS CHH 2008 B179 Or.5</subfield>
    <subfield code="p">RUA011171</subfield>
    <subfield code="r">2015-12-03</subfield>
    <subfield code="w">2015-12-03</subfield>
    <subfield code="y">FIS</subfield>
  </datafield>
  <datafield tag="952" ind1=" " ind2=" ">
    <subfield code="0">0</subfield>
    <subfield code="1">0</subfield>
    <subfield code="2">ddc</subfield>
    <subfield code="4">0</subfield>
    <subfield code="6">FIS_CHH_2008_000000000000000_B179_OR_6</subfield>
    <subfield code="7">0</subfield>
    <subfield code="9">20014</subfield>
    <subfield code="a">LBB</subfield>
    <subfield code="b">LBB</subfield>
    <subfield code="c">B179</subfield>
    <subfield code="d">2015-12-03</subfield>
    <subfield code="o">FIS CHH 2008 B179 Or.6</subfield>
    <subfield code="p">RUA011436</subfield>
    <subfield code="r">2015-12-03</subfield>
    <subfield code="w">2015-12-03</subfield>
    <subfield code="y">FIS</subfield>
  </datafield>
  <datafield tag="952" ind1=" " ind2=" ">
    <subfield code="0">0</subfield>
    <subfield code="1">0</subfield>
    <subfield code="2">ddc</subfield>
    <subfield code="4">0</subfield>
    <subfield code="6">FIS_CHH_2008_000000000000000_B179_OR_7</subfield>
    <subfield code="7">0</subfield>
    <subfield code="9">20015</subfield>
    <subfield code="a">LBB</subfield>
    <subfield code="b">LBB</subfield>
    <subfield code="c">B179</subfield>
    <subfield code="d">2015-12-03</subfield>
    <subfield code="o">FIS CHH 2008 B179 Or.7</subfield>
    <subfield code="p">A32889</subfield>
    <subfield code="r">2015-12-03</subfield>
    <subfield code="w">2015-12-03</subfield>
    <subfield code="y">FIS</subfield>
  </datafield>
  <datafield tag="952" ind1=" " ind2=" ">
    <subfield code="0">0</subfield>
    <subfield code="1">0</subfield>
    <subfield code="2">ddc</subfield>
    <subfield code="4">0</subfield>
    <subfield code="6">FIS_CHH_2008_000000000000000_B179_OR_8</subfield>
    <subfield code="7">0</subfield>
    <subfield code="9">36975</subfield>
    <subfield code="a">LBB</subfield>
    <subfield code="b">LBB</subfield>
    <subfield code="d">2016-02-03</subfield>
    <subfield code="o">FIS CHH 2008 B179 Or.8</subfield>
    <subfield code="p">RUA028866</subfield>
    <subfield code="r">2016-02-03</subfield>
    <subfield code="w">2016-02-03</subfield>
    <subfield code="y">FIS</subfield>
  </datafield>
</record>
